[Event "Mexican op 54th"]
[Site "Aguascalientes"]
[Date "2008.03.18"]
[Round "1"]
[White "Nogueiras Santiago, Jesus"]
[Black "Mar Gonzalez, Fernando"]
[Result "1-0"]
[WhiteElo "2549"]
[BlackElo "2127"]
[PlyCount "83"]
[EventDate "2008.03.18"]
[EventType "swiss"]
[EventRounds "9"]
[EventCountry "MEX"]
[SourceTitle "CBM 123 Extra"]
[Source "ChessBase"]
[SourceDate "2008.05.06"]
[SourceVersion "1"]
[SourceVersionDate "2008.05.06"]
[SourceQuality "1"]

1. Nf3 d5 2. b3 Bg4 3. Bb2 Nd7 4. e3 Ngf6 5. h3 Bh5 6. d3 e6 7. Nbd2 Be7 8. g4 Bg6 9. Nh4 0-0 10. Nxg6 fxg6 11. Bg2 c6 12. 0-0 Qc7 13. c4 Rae8 14. a3 Nc5 15. Qc2 Bd6 16. d4 Ncd7 17. c5 Bh2+ 18. Kh1 Qb8 19. f4 Bg3 20. Bf3 Bh4 21. g5 Nh5 22. Bxh5 gxh5 23. Nf3 Bg3 24. h4 Bxf4 25. exf4 Rxf4 26. Qh2 Ref8 27. Nd2 Rxf1+ 28. Rxf1 e5 29. Qh3 Rxf1+ 30. Nxf1 Qe8 31. Qf5 g6 32. Qf2 Qf7 33. Kg2 Qxf2+ 34. Kxf2 Kf7 35. Ng3 Ke6 36. Ne2 Kf5 37. Kf3 e4+ 38. Kg3 Nb8 39. Bc1 Nd7 40. Nc3 Nf8 41. Nd1 e3 42. Kf3 1-0

[Event "Internet Section 06B g/8'+2\""]
[Site "Dos Hermanas"]
[Date "2004.03.06"]
[Round "3"]
[White "Mar Gonzalez, Fernando"]
[Black "Chan, Sam"]
[Result "1-0"]
[WhiteElo "2206"]
[BlackElo "1862"]
[PlyCount "73"]
[EventDate "2004.03.06"]
[EventType "swiss (blitz)"]
[EventRounds "9"]
[EventCountry "ESP"]
[SourceTitle "CBM 099 Extra"]
[Source "ChessBase"]
[SourceDate "2004.05.04"]
[SourceVersion "1"]
[SourceVersionDate "2004.05.04"]
[SourceQuality "1"]

1. e4 e6 2. d4 d5 3. exd5 exd5 4. c4 Nf6 5. Nc3 Be6 6. c5 Be7 7. Nf3 0-0 8. h3 c6 9. Bd3 Nbd7 10. Bf4 Re8 11. 0-0 Nf8 12. b4 Ng6 13. Bh2 Qc8 14. Re1 Bf5 15. a4 Bxd3 16. Qxd3 a6 17. Ra2 Bf8 18. Rxe8 Qxe8 19. Re2 Qc8 20. g4 h6 21. Bg3 Qd8 22. Kg2 Qc8 23. Ne5 Ne7 24. Bh4 g5 25. Bg3 Bg7 26. f4 Qf8 27. fxg5 hxg5 28. Qe3 Bh6 29. Rf2 Kg7 30. Rxf6 Kxf6 31. Nd7+ Kg7 32. Nxf8 Kxf8 33. Bd6 Re8 34. Qe5 Kg8 35. Bxe7 Bg7 36. Qxg5 f6 37. Bxf6 1-0